Search the Library Catalogue
| 000 -LEADER | |
|---|---|
| fixed length control field | 00585nam a2200193Ia 4500 |
| 008 - FIXED-LENGTH DATA ELEMENTS--GENERAL INFORMATION | |
| fixed length control field | 191130s2006##################000#0#eng## |
| 020 ## - INTERNATIONAL STANDARD BOOK NUMBER | |
| ISBN | 9780444508751 |
| 082 ## - DEWEY DECIMAL CLASSIFICATION NUMBER | |
| Classification number | 332.10681 ZEN.1 |
| 245 ## - TITLE STATEMENT | |
| Title | Handbook of asset and liability management theory and methodology |
| Statement of responsibility, etc | edited by S. A. Zenios and W. T. Ziemba |
| 260 ## - PUBLICATION, DISTRIBUTION, ETC. (IMPRINT) | |
| Place of publication | Amsterdam |
| Name of publisher | Elsevier |
| Year of publication | c2006 |
| 300 ## - PHYSICAL DESCRIPTION | |
| Number of Pages | 1 vol. (xix-487 p.) ; 25 cm |
| 650 ## - SUBJECT ADDED ENTRY--TOPICAL TERM | |
| Topical Term | Economics |
| 700 ## - ADDED ENTRY--PERSONAL NAME | |
| Personal name | Zenios, S. A |
| Personal name | Ziemba, W T |
| 991 ## - | |
| -- | 153500 |
| Withdrawn status | Lost status | Damaged status | Not for loan | Home library | Current library | Shelving location | Date acquired | Full call number | Accession Number | Price effective from | Koha item type |
|---|---|---|---|---|---|---|---|---|---|---|---|
| Anna Centenary Library | Anna Centenary Library | 4TH FLOOR, A WING | 13.10.2020 | 332.10681 ZEN.1 | 550413 | 13.10.2020 | English Books |